1980s Albums (Medium) - Statistics

General Stats
  • This quiz has been taken 684 times
    610 since last reset
  • The average score is 13 of 20
Answer Stats
Picture Answer % Correct
Hot Space - Queen
97%
Songs From The Big Chair - Tears For Fears
83%
Faith - George Michael
79%
I Love Rock 'n Roll - Joan Jett & the Blackhearts
72%
Straight Outta Compton - N.W.A.
70%
She's So Unusual - Cyndi Lauper
69%
Full Moon Fever - Tom Petty
67%
An Innocent Man - Billy Joel
66%
Control - Janet Jackson
66%
Zenyatta Mondatta - The Police
66%
Permanent Vacation - Aerosmith
65%
Reckless - Bryan Adams
65%
Rio - Duran Duran
59%
War - U2
58%
License to Ill - Beastie Boys
54%
Private Eyes - Hall & Oates
54%
So - Peter Gabriel
53%
Hysteria - Def Leppard
52%
Graceland - Paul Simon
42%
Invisible Touch - Genesis
42%
No matching quizzes found
Score Distribution
Percent of People with Each Score
Percentile by Number Answered
Your Score History
You have not taken this quiz since the last reset